Planning inquiries into major infrastructure projects (Record no. 104587)
[ view plain ]
| 000 -LEADER | |
|---|---|
| fixed length control field | 01963cam a2200253 4500 |
| 001 - CONTROL NUMBER | |
| control field | L130831 |
| 008 - FIXED-LENGTH DATA ELEMENTS--GENERAL INFORMATION | |
| fixed length control field | 050902n2005 000 0 eng u |
| 035 ## - SYSTEM CONTROL NUMBER | |
| System control number | (Sirsi) u130831 |
| 041 0# - LANGUAGE CODE | |
| Language code of text/sound track or separate title | eng |
| 110 ## - MAIN ENTRY--CORPORATE NAME | |
| Corporate name or jurisdiction name as entry element | Office of the Deputy Prime Minister |
| 9 (RLIN) | 4685 |
| 245 ## - TITLE STATEMENT | |
| Title | Planning inquiries into major infrastructure projects |
| Remainder of title | procedures |
| Medium | [electronic resource] |
| 260 ## - PUBLICATION, DISTRIBUTION, ETC. | |
| Place of publication, distribution, etc. | London |
| Name of publisher, distributor, etc. | ODPM |
| Date of publication, distribution, etc. | 2005 |
| 520 ## - SUMMARY, ETC. | |
| Summary, etc. | ODPM Circular 07/2005 explains the new procedures for handling major infrastructure project inquiries in England. The definition of a major infrastructure project as a planning application for a development which the SoS thinks is of national or regional importance is set out in the Town and Country Planning Act 1990 s76A as inserted by the Planning and Compulsory Purchase Act 2004 s44 and is no longer set out in the Rules (see L130591). These procedures apply to major infrastructure projects initiated on or after 24 August 2005 with inquiries announced before then continuing to be processed on the basis of existing procedures and guidance. The purpose of the new inquiry procedures is to significantly improve the time taken to handle major infrastructure projects and the procedures will be monitored over a five-year period. |
| 590 ## - LOCAL NOTE (RLIN) | |
| Local note | IKA130905 |
| 650 ## - SUBJECT ADDED ENTRY--TOPICAL TERM | |
| Topical term or geographic name entry element | ODPM CIRCULAR 07/2005 |
| 650 ## - SUBJECT ADDED ENTRY--TOPICAL TERM | |
| Topical term or geographic name entry element | DTLR CIRCULAR 02/2002 |
| 650 ## - SUBJECT ADDED ENTRY--TOPICAL TERM | |
| Topical term or geographic name entry element | PLANNING AND COMPULSORY PURCHASE ACT 2004 S76A |
| 650 ## - SUBJECT ADDED ENTRY--TOPICAL TERM | |
| Topical term or geographic name entry element | TOWN AND COUNTRY PLANNING (MAJOR INFRASTRUCTURE PROJECT INQUIRIES PROCEDURE (ENGLAND) RULES 2002 |
| 650 ## - SUBJECT ADDED ENTRY--TOPICAL TERM | |
| Topical term or geographic name entry element | TOWN AND COUNTRY PLANNING (MAJOR INFRASTRUCTURE PROJECT INQUIRIES PROCEDURE (ENGLAND) RULES 2005 |
| 650 ## - SUBJECT ADDED ENTRY--TOPICAL TERM | |
| Topical term or geographic name entry element | TOWN AND COUNTRY PLANNING ACT 1990 S76A |
| 690 ## - LOCAL SUBJECT ADDED ENTRY--TOPICAL TERM (OCLC, RLIN) | |
| Topical term or geographic name as entry element | ENVIRONMENTAL AND LAND CONSULTANCY-PLANNING AND DEVELOPMENT-DEVELOPMENT CONTROL-PLANNING APPLICATIONS |
| 856 ## - ELECTRONIC LOCATION AND ACCESS | |
| Uniform Resource Identifier | <a href="https://www.communities.gov.uk/documents/planningandbuilding/pdf/147567.pdf">https://www.communities.gov.uk/documents/planningandbuilding/pdf/147567.pdf</a> |
| Public note | View the item free of charge at www.communities.gov.uk |
| 942 ## - ADDED ENTRY ELEMENTS (KOHA) | |
| Suppress in OPAC | 0 |
| Withdrawn status | Lost status | Source of classification or shelving scheme | Damaged status | Not for loan | Home library | Current library | Shelving location | Date acquired | Total Checkouts | Full call number | Barcode | Date last seen | Copy number | Price effective from | Koha item type |
|---|---|---|---|---|---|---|---|---|---|---|---|---|---|---|---|
| Dewey Decimal Classification | Virtual | Virtual | Online | 02/09/2005 | ONLINE PUBLICATION | 130831-2001 | 06/08/2019 | 1 | 06/08/2019 | Book |